000 00346 a2200157 4500
001 195287
020 _a978-85-322-8359-7
040 _cMagnum
100 _aReyes, Yolanda
240 1 0 _aMeu bicho de estimação
_lpor
245 1 0 _aMeu bicho de estimação
300 _a36
362 0 _a2013
697 _aLITERATURA INFANTIL
942 _cBK
999 _c195287
_d195287